000 00281nam a22001337a 4500
020 _a0-19-566805-7
041 _aENG
100 _aBabu.B.V
245 _aProcess Plant Simulation
260 _aNew York
_bOxford
_c2004
300 _a542
650 _aM.Tech
856 _uM.Tech ( 7 )
999 _c1053
_d1053